Loading...
| Fine Arts - Other Fine Arts | 0 | 3 | 1 | 0 | 25 | 90 | 114.33 | 1 | 3 |
| Fine Arts - Classical Music | 0 | 2 | 0 | 0 | 20 | 72 | 73.50 | 1 | 2 |
| History - American History | 0 | 2 | 0 | 1 | 20 | 94 | 109.50 | 0 | 0 |
| Literature - American Literature | 0 | 2 | 0 | 0 | 20 | 64 | 65.50 | 2 | 2 |
| Fine Arts - Visual Fine Arts | 0 | 2 | 1 | 0 | 15 | 76 | 79.00 | 0 | 2 |
| Literature - World/Other Literature | 0 | 1 | 0 | 0 | 10 | 114 | 114.00 | 0 | 1 |
| Mythology | 0 | 1 | 0 | 1 | 10 | 136 | 136.00 | 0 | 0 |
| Philosophy | 0 | 1 | 1 | 0 | 5 | 95 | 95.00 | 0 | 0 |
| History - World History | 0 | 1 | 1 | 0 | 5 | 89 | 89.00 | 0 | 1 |
| Religion | 0 | 0 | 1 | 0 | -5 | 0.00 | 0 | 0 | |
| Social Science | 0 | 0 | 1 | 0 | -5 | 0.00 | 0 | 0 | |
| History - Other History | 0 | 0 | 1 | 0 | -5 | 0.00 | 0 | 0 |